Die lustigen Weiber von Windsor (Record no. 9557)

MARC details
000 -CABECERA
campo de control de longitud fija 00908nam a2200265 a 4500
001 - NÚMERO DE CONTROL
campo de control BRL_745
005 - FECHA Y HORA DE LA ÚLTIMA TRANSACCIÓN
campo de control 20190320210858.0
008 - DATOS DE LONGITUD FIJA--INFORMACIÓN GENERAL
campo de control de longitud fija 011013s1926----au-#######---#000-0#ger-#
041 ## - CÓDIGO DE LENGUA
Código de lengua del texto/banda sonora o título independiente ger
044 ## - CÓDIGO DEL PAÍS DE LA ENTIDAD EDITORA/PRODUCTORA
Código MARC del país au
050 #4 - SIGNATURA TOPOGRÁFICA DE LA BIBLIOTECA DEL CONGRESO
Número de clasificación ML50.N641
Número de documento/Ítem .N53 1926
100 1# - ENTRADA PRINCIPAL--NOMBRE DE PERSONA
Nombre de persona Nicolai, Otto
Fechas asociadas al nombre 1810-1849.
9 (RLIN) 24812
245 10 - MENCIÓN DE TÍTULO
Título Die lustigen Weiber von Windsor
Resto del título Komisch-phantastische Oper in drei Aufzügen
Mención de responsabilidad, etc. von Otto Nicolai ; Nach Shakespeares gleichnamigem Lustspiel von Salomon Hermann Mosenthal ; Mit einer Einführung von Heinrich Kralik.
260 ## - PUBLICACIÓN, DISTRIBUCIÓN, ETC.
Lugar de publicación, distribución, etc. Wien
Nombre del editor, distribuidor, etc. Steyrermühl
Fecha de publicación, distribución, etc. 1926
300 ## - DESCRIPCIÓN FÍSICA
Extensión 72 p.
Dimensiones 19 cm.
440 #0 - MENCIÓN DE SERIE/PUNTO DE ACCESO ADICIONAL--TÍTULO
Título Tagblatt-Bibliothek
Designación de volumen o secuencia Nr. 382
9 (RLIN) 24813
440 #0 - MENCIÓN DE SERIE/PUNTO DE ACCESO ADICIONAL--TÍTULO
Título Operntextbuch
Designación de volumen o secuencia Nr. 31
9 (RLIN) 24814
500 ## - NOTA GENERAL
Nota general Au818
650 14 - PUNTO DE ACCESO ADICIONAL DE MATERIA--TÉRMINO DE MATERIA
Término de materia o nombre geográfico como elemento de entrada Opera
9 (RLIN) 23436
650 14 - PUNTO DE ACCESO ADICIONAL DE MATERIA--TÉRMINO DE MATERIA
Término de materia o nombre geográfico como elemento de entrada Libretos de opera
9 (RLIN) 24815
700 1# - PUNTO DE ACCESO ADICIONAL--NOMBRE DE PERSONA
Nombre de persona Mosenthal, Salomon Hermann von
9 (RLIN) 24816
700 1# - PUNTO DE ACCESO ADICIONAL--NOMBRE DE PERSONA
Nombre de persona Kralik, Heinrich
9 (RLIN) 24817
902 ## - CATALOGADOR
Iniciales GRL
942 ## - ELEMENTOS DE PUNTO DE ACCESO ADICIONAL (KOHA)
Fuente del sistema de clasificación o colocación Library of Congress Classification
Tipo de ítem Koha Libros
Holdings
Estado de retiro Estado de pérdida Estado dañado No para préstamo Localización permanente Ubicación/localización actual Fecha de adquisición Número de inventario Total de préstamos Signatura topográfica completa Código de barras Fecha visto por última vez Precio válido a partir de Tipo de ítem Koha
El ejemplar forma parte de la colección y puede ser consultado según las políticas vigentes.       Biblioteca Centro de Estudios Ruth D. Lechuga Biblioteca Centro de Estudios Ruth D. Lechuga 01/10/2013 Au818   ML50.N641 .N53 1926 (Au818) GRL00814 22/03/2019 22/03/2019 Libros